Science & Math : (Record no. 106203)
[ view plain ]
| 000 -LEADER | |
|---|---|
| fixed length control field | 00526nam a2200169 a 4500 |
| 005 - DATE AND TIME OF LATEST TRANSACTION | |
| control field | 20140412111425.0 |
| 008 - FIXED-LENGTH DATA ELEMENTS--GENERAL INFORMATION | |
| fixed length control field | 090626s19uu xx 00 eng d |
| 020 ## - INTERNATIONAL STANDARD BOOK NUMBER | |
| International Standard Book Number | 0-439-59725-0 |
| 050 ## - LIBRARY OF CONGRESS CALL NUMBER | |
| Classification number | TR(GS 793.8 |
| Item number | F33 2005 |
| 100 ## - MAIN ENTRY--PERSONAL NAME | |
| Personal name | Feldman, Jean |
| 245 ## - TITLE STATEMENT | |
| Title | Science & Math : |
| Remainder of title | More than 100 delightful, skill building ideas and activities for early learners / |
| Statement of responsibility, etc | Dr. Jean Feldman. |
| 260 ## - PUBLICATION, DISTRIBUTION, ETC. (IMPRINT) | |
| Place of publication, distribution, etc | U.S.A : |
| Name of publisher, distributor, etc | Scholastic, |
| Date of publication, distribution, etc | 2005. |
| 300 ## - PHYSICAL DESCRIPTION | |
| Extent | 48p. |
| 440 ## - SERIES STATEMENT/ADDED ENTRY--TITLE | |
| Title | Best of Dr. Jean |
| 500 ## - GENERAL NOTE | |
| General note | Grades PreK - K |
| Withdrawn status | Lost status | Damaged status | Use restrictions | Home library | Current library | Shelving location | Date acquired | Source of acquisition | Cost, normal purchase price | Total Checkouts | Full call number | Barcode | Date last seen | Price effective from | Koha item type |
|---|---|---|---|---|---|---|---|---|---|---|---|---|---|---|---|
| Elizalde Library | Elizalde Library | Teachers Reference Section | 06/26/2009 | 225.00 | TR(GS 793.8 F33 2005 | E11432 | 04/12/2014 | 04/12/2014 | Books |